مقدمة في علم الحاسوب والبرمجة / (رقم التسجيلة. 27636)
[ عرض عادي ]
| 000 -الفاتح | |
|---|---|
| حقل البيانات ثابتة الطول | 00646nam a22001697a 4500 |
| 003 - محدد رقم الضبط | |
| رقم الضبط | OSt |
| 005 - وقت وتاريخ اخر تعامل مع التسجيلة | |
| رقم الضبط | 20150408114116.0 |
| 008 - عناصر البيانات ثابتة الطول - معلومات عامة | |
| حقل البيانات ثابتة الطول | 130205t 2011jo ||||g |||| 00| 0 ara d |
| 040 ## - مصدر الفهرسة | |
| وكالة الفهرسة الأصلية | Ma-un |
| 082 ## - رقم تصنيف ديوى العشرى | |
| رقم الطبعة | 21 |
| رقم التصنيف | 005.133 |
| رقم المادة | ر غ م |
| 100 ## - المدخل الرئيسى - إسم شخصى | |
| الإسم الشخصى | رحو، غازي إبراهيم |
| 9 (RLIN) | 20806 |
| 245 ## - بيان العنوان | |
| العنوان | مقدمة في علم الحاسوب والبرمجة / |
| بيان المسئوليه,etc | غازي إبراهيم رحو، عماد عبد الوهاب الصباغ. |
| 300 ## - الوصف المادى | |
| التعداد | 331 ص. : |
| تفاصيل ماديه اخرى للوعاء | ايض. ؛ |
| أبعاد الوعاء | 24 سم. |
| 650 ## - المدخل الاضافى بالموضوع-مصطلح موضوعى | |
| 9 (RLIN) | 3181 |
| مصطلح موضوعي أو اسم جغرافي كعنصر مدخل | الحاسبات الالكترونية |
| التقسيم الفرعي العام | برامح. |
| 650 ## - المدخل الاضافى بالموضوع-مصطلح موضوعى | |
| 9 (RLIN) | 3284 |
| مصطلح موضوعي أو اسم جغرافي كعنصر مدخل | الحاسبات الآلكترونية |
| التقسيم الفرعي العام | برمجة. |
| 942 ## - عناصر المدخل الإضافي( كوها) | |
| مصدر التصنيف او مخطط الترفيف | Dewey Decimal Classification |
| Koha [default] item type | كتاب |
| حالة الفقد | نموذج السعر الفعال | حالة تلف | ليس للاعارة | رقم الطلب | رقم النسخة | تاريخ الاكتساب | الموقع الحالي | الباركود | الفرع الرئيسي | Date last seen | نوع المادة فى نظام كوها | مصدر التصنيف او خطة الترفيف | Total Checkouts |
|---|---|---|---|---|---|---|---|---|---|---|---|---|---|
| 2013-03-10 | Not For Loan | 005.133 ر غ م | 1 | 2013-02-05 | المكتبة المركزية بالمجمعة (CL) | 00304088 | المكتبة المركزية بالمجمعة (CL) | 2013-03-10 | كتاب | Dewey Decimal Classification | |||
| 2013-03-10 | 005.133 ر غ م | 2 | 2013-02-05 | المكتبة المركزية بالمجمعة (CL) | 00304089 | المكتبة المركزية بالمجمعة (CL) | 2013-03-10 | كتاب | Dewey Decimal Classification | ||||
| 2013-03-10 | 005.133 ر غ م | 3 | 2013-02-05 | المكتبة المركزية بالمجمعة (CL) | 00304090 | المكتبة المركزية بالمجمعة (CL) | 2013-03-10 | كتاب | Dewey Decimal Classification | ||||
| 2013-03-10 | Not For Loan | 005.133 ر غ م | 1 | 2013-02-05 | قسم الاجراءات الفنية (IC) | 00304093 | قسم الاجراءات الفنية (IC) | 2013-03-10 | كتاب | Dewey Decimal Classification | |||
| 2013-03-10 | 005.133 ر غ م | 2 | 2013-02-05 | قسم الاجراءات الفنية (IC) | 00304094 | قسم الاجراءات الفنية (IC) | 2013-03-10 | كتاب | Dewey Decimal Classification | ||||
| 2013-03-10 | Not For Loan | 005.133 ر غ م | 1 | 2013-02-05 | مكتبة كلية العلوم و الدراسات الإنسانية برماح - طلاب (SRM) | 00304091 | مكتبة كلية العلوم و الدراسات الإنسانية برماح - طلاب (SRM) | 2013-03-10 | كتاب | Dewey Decimal Classification | |||
| 2013-03-10 | 005.133 ر غ م | 2 | 2013-02-05 | مكتبة كلية العلوم و الدراسات الإنسانية برماح - طلاب (SRM) | 00304092 | مكتبة كلية العلوم و الدراسات الإنسانية برماح - طلاب (SRM) | 2013-03-10 | كتاب | Dewey Decimal Classification |
